| 000 | 00542cam a22001691 4500 | ||
|---|---|---|---|
| 001 | 000012960 | ||
| 005 | 20200929163117.0 | ||
| 008 | 780719s1970 ck 000 0 spa | ||
| 040 |
_aDO-SdBNP _bspa _cBNPHU |
||
| 082 |
_axx _bxx |
||
| 100 | 1 |
_aRodriguez, Gustavo Humberto. _929871 |
|
| 245 | 1 | 0 |
_aPruebas penales colombianas / _c[por] Gustavo Humberto Rodriguez R. |
| 260 |
_aBogota, : _bEditorial Temis, _c1970. |
||
| 300 |
_a2 v. ; _c23 cm. |
||
| 504 | _aIncludes bibliographical references. | ||
| 650 | 0 |
_aEvidence, criminal _zColombia. _929872 |
|
| 999 |
_c12608 _d12608 |
||